Fr. Conceicao Rodrigues College of Engineering

The Chronicles of Java on Linux (Record no. 20535)

MARC details
000 -LEADER
fixed length control field 00340nam a2200157Ia 4500
082 ## - DEWEY DECIMAL CLASSIFICATION NUMBER
Classification number 005.133/BAY
Item number BAY
100 ## - MAIN ENTRY--PERSONAL NAME
Personal name Bayross/Ivan
245 ## - TITLE STATEMENT
Title The Chronicles of Java on Linux
260 ## - PUBLICATION, DISTRIBUTION, ETC.
Name of publisher, distributor, etc. BPB Publications
Place of publication, distribution, etc. New Delhi
Date of publication, distribution, etc. 2005
366 ## - TRADE AVAILABILITY INFORMATION
Publishers's discount category 20
300 ## - PHYSICAL DESCRIPTION
Extent 414
546 ## - LANGUAGE NOTE
Language note ENGLISH
650 ## - SUBJECT ADDED ENTRY--TOPICAL TERM
Topical term or geographic name entry element Java
654 ## - SUBJECT ADDED ENTRY--FACETED TOPICAL TERMS
Focus term java
942 ## - ADDED ENTRY ELEMENTS (KOHA)
Koha item type BOOK
Holdings
Withdrawn status Lost status Damaged status Not for loan Collection Home library Current library Shelving location Date acquired Source of acquisition Cost, normal purchase price Total Checkouts Full call number Barcode Date last seen Cost, replacement price Price effective from Koha item type
        CRC Fr. Agnel's C.Rodrigues College of Engineering Fr. Agnel's C.Rodrigues College of Engineering   17/03/2023 Professional Book House. 250.00   005.133/BAY BAY 17064 17/03/2023 270.00   BOOK
        CRC Fr. Agnel's C.Rodrigues College of Engineering Fr. Agnel's C.Rodrigues College of Engineering   17/03/2023 Professional Book House. 250.00   005.133/BAY BAY 17065 17/03/2023 270.00   BOOK